Culture Générale - Série 2068 - Statistiques

Statistiques générales
  • Ce quiz a été pris 65 fois
  • Le résultat moyen est 3 sur 10
Statistiques - réponses
Question Réponse % Correct
Quel urinoir public pour hommes doit son nom à un empereur romain ? vespasienne
73%
De quel fleuve européen la Wupper ou Wipper est-elle un affluent ? Rhin
60%
Que collectionne un lépidoptérophile ? papillons
57%
Quel élément chimique a pour symbole " Sb " ? antimoine
32%
Armature de fil de fer dont on coiffe le bouchon des bouteilles de champagne, de mousseux, de cidre, de bière muselet
25%
Quel est l'autre nom du requin-taupe dont l'anagramme est "email" ? voir photo lamie
16%
Quelle est la région historique et culturelle française, correspondant à une ancienne province et dont la capitale est La Rochelle ? Aunis
13%
Dans le film documentaire "La marche de l'empereur" de Luc Jacquet de 2005, quel actrice prête sa voix aux commentaires - initiales RB ? Romane Bohringer
6%
Dans la Rome antique :sorte de petit sanctuaire destiné au culte des Lares, les dieux du foyer laraire
2%
L'alcane est un hydrocarbure saturé, appelé autrefois ..... paraffine
0%
Aucun quiz correspondant
Distribution des résultats
% des personnes avec chaque résultat
Percentile par nombre de réponses
Votre historique - résultats
Vous n’avez pas pris ce quiz